[Event "Vilnius"]
[Site "Vilnius"]
[Date "1988.??.??"]
[Round "?"]
[White "Epishin, Vladimir"]
[Black "Serper, Grigory"]
[Result "1/2-1/2"]
[WhiteElo "2475"]
[BlackElo "2450"]

1.d4 Nf6 2.c4 c6 3.Nc3 d6 4.Nf3 Nbd7 5.e4 e5 6.Be2 Be7 7.O-O a6 8.Qc2 O-O
9.Rd1 Qc7 10.Bg5 Re8 11.Rd2 h6 12.Bh4 Nh7 13.Bxe7 Rxe7 14.Rad1 Nhf6 15.b4 a5
16.b5 exd4 17.Nxd4 Nc5 18.Bf3 Bd7 19.Nf5 Bxf5 20.exf5 Rae8 21.g3 Nce4 22.Nxe4 Nxe4
23.Bxe4 Rxe4 24.Qd3 cxb5 25.cxb5 Qd7 26.f6 gxf6 27.Kg2 R8e6 28.Qf3 Rb4 29.h4 Rxb5
30.Qg4+ Kh7 31.Qc4 Rbe5 32.Rd4 b5 33.Qd3+ Kg7 34.Rg4+ Kf8 35.Qf3 Rc5 36.Rgd4 Qc6
37.Qxc6 Rxc6 38.Rd5 Rb6 39.a4 bxa4 40.Rxa5 Rb4 41.Ra1 Ree4 42.Rc1 Kg7 43.Rc7 h5
44.Raa7 Kg6 45.Rxf7 Re2 46.Rg7+ Kf5 47.Ra5+ Ke6 48.Rg8 Re5 49.Ra7 d5 50.Ra6+ Kf7
51.Rd8 d4 52.Rdd6 Rf5 53.f4 d3 54.Rxd3 Rc5 55.Kf3 Rb3 56.Rxb3 axb3 57.Rb6 Rc3+
58.Ke4  1/2-1/2

[Event "Vilnius"]
[Site "Vilnius"]
[Date "1988.??.??"]
[Round "?"]
[White "Dokhoian, Yury"]
[Black "Serper, Grigory"]
[Result "0-1"]
[WhiteElo "2515"]
[BlackElo "2450"]

1.d4 Nf6 2.c4 c6 3.Nc3 d5 4.Nf3 e6 5.Bg5 Be7 6.e3 O-O 7.Qc2 Nbd7 8.Rd1 b6
9.Bd3 dxc4 10.Bxc4 Nd5 11.Bf4 Nxf4 12.exf4 Qc7 13.g3 Nf6 14.O-O g6 15.Ne5 Bb7
16.Rd3 b5 17.Bb3 Qb6 18.Re1 c5 19.dxc5 Bxc5 20.Rd2 Rac8 21.Rde2 Ba8 22.Kf1 b4
23.Nc4 Qc7 24.Ne4 Nxe4 25.Rxe4 Bxe4 26.Rxe4 Rfd8 27.Qe2 Rd4 28.Ne5 Rxe4 29.Qxe4 Rd8
30.h4 Rd4 31.Qe2 Bb6 32.Nf3 Qc1+ 33.Kg2 Qc6 34.h5 a5 35.Qe5 Rd2 36.h6 Rxf2+
37.Kh3 Kf8 38.Ng5 Qh1+ 39.Kg4 Qh5+  0-1

[Event "EU-ch U20"]
[Site "Arnhem"]
[Date "1989.??.??"]
[Round "?"]
[White "Serper, Grigory"]
[Black "Pedzich, Dominik"]
[Result "1-0"]
[WhiteElo "2420"]
[BlackElo "2365"]

1.c4 g6 2.Nc3 c5 3.g3 Bg7 4.Bg2 Nc6 5.a3 a6 6.Rb1 Rb8 7.b4 cxb4 8.axb4 b5
9.cxb5 axb5 10.Nf3 e5 11.d4 exd4 12.Nd5 Nge7 13.Bg5 Bb7 14.O-O O-O 15.Nxd4 f6
16.Bf4 Ne5 17.Nxb5 Nxd5 18.Bxd5+ Bxd5 19.Qxd5+ Kh8 20.Nd6 Qe7 21.b5 f5 22.b6 g5
23.Be3 Qf6 24.Bd4 f4 25.Bxe5  1-0

[Event "EU-ch U20"]
[Site "Arnhem"]
[Date "1989.??.??"]
[Round "?"]
[White "Serper, Grigory"]
[Black "Fogarasi, Tibor"]
[Result "1-0"]
[WhiteElo "2420"]
[BlackElo "2395"]

1.c4 e6 2.Nc3 d5 3.d4 c5 4.cxd5 exd5 5.Nf3 Nc6 6.g3 Nf6 7.Bg2 Be7 8.O-O O-O
9.b3 Ne4 10.Bb2 Bf6 11.Na4 Re8 12.Rc1 b6 13.dxc5 Bxb2 14.Nxb2 bxc5 15.Na4 Ba6
16.Re1 c4 17.Nd2 Qg5 18.Nxe4 dxe4 19.Qd6 Re6 20.Qc5 Qh6 21.Qa3 Ne5 22.Nc5 e3
23.f4 Ng4 24.h3 Nf2 25.Nxe6 Nxh3+ 26.Kf1 Qxe6 27.bxc4 Re8 28.Rc3 Nf2 29.Rxe3 Qxe3
30.Qxe3 Rxe3 31.Kxf2 Rc3 32.Rd1 g6 33.Rd8+ Kg7 34.Bd5 Rc2 35.Rd7 Rxa2 36.Rxf7+ Kh6
37.Rxa7  1-0

[Event "Novosibirsk"]
[Site "Novosibirsk"]
[Date "1989.??.??"]
[Round "?"]
[White "Levin, Felix"]
[Black "Serper, Grigory"]
[Result "1/2-1/2"]
[WhiteElo "2305"]
[BlackElo "2420"]

1.d4 Nf6 2.c4 e6 3.Nf3 b6 4.g3 Bb7 5.Bg2 Be7 6.O-O O-O 7.Nc3 Ne4 8.Nxe4 Bxe4
9.Ne1 Bxg2 10.Nxg2 d5 11.Qa4 Qe8 12.Qxe8 Rxe8 13.cxd5 exd5 14.Nf4 Rd8 15.Rd1 g5
16.Nd3 c5 17.dxc5 bxc5 18.Be3 Na6 19.b3  1/2-1/2

[Event "Novosibirsk"]
[Site "Novosibirsk"]
[Date "1989.??.??"]
[Round "?"]
[White "Vekshenkov, Nikolai"]
[Black "Serper, Grigory"]
[Result "0-1"]
[WhiteElo "2295"]
[BlackElo "2420"]

1.c4 Nf6 2.Nc3 c6 3.e4 e5 4.Nf3 d6 5.d4 Nbd7 6.Be2 Be7 7.O-O a6 8.d5 cxd5
9.cxd5 b5 10.b4 Nb6 11.Be3 Ng4 12.Bd2 Bd7 13.Ne1 Nf6 14.Nc2 O-O 15.Ne3 Ne8
16.Bd3 g6 17.Qb1 Ng7 18.a4 Nxa4 19.Nxa4 bxa4 20.Nc4 f5 21.Na5 fxe4 22.Bxe4 Bb5
23.Nc6 Qd7 24.Rc1 Bd8 25.Nxd8 Raxd8 26.Ra3 Rc8 27.Rxc8 Rxc8 28.Rg3 Rf8 29.Rc3 Nf5
30.Kh1 Nd4 31.Be3 Ne2 32.Rc2 Qg4 33.Rc7 a3 34.h3 Ng3+ 35.fxg3 Qe2 36.Kh2 Rf1
37.Bxg6  0-1

[Event "Novosibirsk"]
[Site "Novosibirsk"]
[Date "1989.??.??"]
[Round "?"]
[White "Serper, Grigory"]
[Black "Semeniuk, Alexander A"]
[Result "1/2-1/2"]
[WhiteElo "2420"]
[BlackElo "2365"]

1.d4 Nf6 2.c4 g6 3.Nc3 d5 4.Bg5 Ne4 5.Bh4 c5 6.cxd5 Nxc3 7.bxc3 Qxd5 8.e3 cxd4
9.Qxd4 Qxd4 10.cxd4 e6 11.Rb1 Be7 12.Bxe7 Kxe7 13.g3 Nd7 14.Bg2 Rb8 15.Ne2 b6
16.Kd2 Ba6 17.Rhc1 Rbc8 18.f4 f5 19.Rxc8 Rxc8 20.Nc3 Nf6 21.a4 Ne8 22.Nb5 Bxb5
23.axb5 Nd6 24.Kd3 Rc7 25.Bf3 Kf6 26.g4 h6 27.h4 g5 28.fxg5+ hxg5 29.hxg5+ Kxg5
30.gxf5 exf5 31.e4 fxe4+ 32.Bxe4 Kf6 33.Rf1+ Ke6 34.Re1 Nxe4 35.Kxe4 Rh7
36.Rg1 Rh4+ 37.Kd3 Rh7 38.Rg5 Kd6 39.Rg8 Rh1 40.Rd8+ Ke6 41.Re8+ Kd6  1/2-1/2

[Event "Novosibirsk"]
[Site "Novosibirsk"]
[Date "1989.??.??"]
[Round "?"]
[White "Serper, Grigory"]
[Black "Makarov, Marat"]
[Result "1-0"]
[WhiteElo "2420"]
[BlackElo "2505"]

1.d4 f5 2.Nf3 Nf6 3.c4 d6 4.Nc3 g6 5.g3 Bg7 6.Bg2 O-O 7.O-O Nc6 8.d5 Na5
9.Nd2 c5 10.b3 Nxd5 11.Bxd5+ e6 12.Bb2 exd5 13.cxd5 f4 14.Qc2 Bh3 15.Rfe1 fxg3
16.hxg3 Qf6 17.Nd1 Qf7 18.Bxg7 Qxg7 19.Qc3 b5 20.Qxg7+ Kxg7 21.Nc3 a6 22.e4 g5
23.e5 dxe5 24.Nde4 h6 25.Nxc5 Rac8 26.N3e4 Bf5 27.Rac1 Rfd8 28.b4 Nc4 29.Nc3 Rd6
30.a4 bxa4 31.g4 Bg6 32.N3xa4 Nd2 33.Ne6+ Kf6 34.Rxc8 Nf3+ 35.Kf1 Bd3+ 36.Re2 Nd2+
37.Ke1 Nf3+ 38.Kd1 Rxd5 39.Re3 Bb5+ 40.Kc1 Bxa4 41.Nc5 Bd1 42.Ne4+ Ke7  1-0

[Event "Novosibirsk"]
[Site "Novosibirsk"]
[Date "1989.??.??"]
[Round "?"]
[White "Serper, Grigory"]
[Black "Kalinitschew, Sergey"]
[Result "1/2-1/2"]
[WhiteElo "2420"]
[BlackElo "2455"]

1.d4 Nf6 2.c4 g6 3.Nc3 d5 4.cxd5 Nxd5 5.Qb3 Nb6 6.Nf3 Bg7 7.e3 O-O 8.Be2 Be6
9.Qc2 Bf5 10.Qd1 c5 11.O-O cxd4 12.Nxd4 Bd7 13.e4 Nc6 14.Be3 Nxd4 15.Bxd4 Bc6
16.Bxg7 Qxd1 17.Rfxd1 Kxg7 18.b3 Rfd8 19.f3 Rac8 20.Kf2 e5 21.Ke3 Kf6 22.Rxd8 Rxd8
23.Rc1 Rc8 24.a4 a5 25.Rb1 Ke7 26.b4 Nxa4 27.Nxa4 Bxa4 28.bxa5 Bc6 29.Bb5 Ra8
30.a6 Kd6 31.Rd1+ Kc7 32.Rc1 Kd6 33.Rd1+ Kc7 34.Rc1 Kd6 35.axb7 Bxb7 36.Rd1+ Kc5
37.Rd7 Ra3+ 38.Kf2 Bxe4 39.fxe4 Kxb5 40.Rxf7 Kc4 41.Rxh7 Kd4 42.Rh4 Ra2+
43.Kf3 Ra3+ 44.Kg4 Ra2 45.Kh3 Re2 46.Rg4 Rxe4 47.Rxg6 Rf4 48.Rd6+ Kc5 49.Rd1 e4
50.g4 e3 51.Kg3 Rf8 52.g5 Kc4 53.Kg4 e2 54.Re1 Kd3 55.g6 Rf1 56.Rxe2 Kxe2
57.Kg5  1/2-1/2

[Event "Novosibirsk"]
[Site "Novosibirsk"]
[Date "1989.??.??"]
[Round "?"]
[White "Karasev, Vladimir I"]
[Black "Serper, Grigory"]
[Result "1/2-1/2"]
[WhiteElo "2370"]
[BlackElo "2420"]

1.Nf3 Nf6 2.g3 d6 3.Bg2 e5 4.O-O Be7 5.d3 O-O 6.e4 c6 7.a4 Re8 8.a5 Bf8 9.Nc3 h6
10.h3 d5 11.Bd2 d4 12.Nb1 c5 13.Na3 Nc6 14.Nc4 Rb8 15.Nh4 b5 16.axb6 axb6
17.f4 Nd7 18.Nf5 Re6 19.h4 b5 20.Nxe5 Ndxe5 21.fxe5 Nxe5 22.Bh3 Re8 23.Ba5 Qf6
24.Kh2 Qc6 25.Bd2 Ra8 26.Rxa8 Qxa8 27.Bf4 Qc6 28.g4 Bxf5 29.exf5 Bd6 30.Bg2 Qc7
31.Kh1 Nc4 32.Bxd6 Nxd6 33.g5 hxg5 34.hxg5 Re5 35.Qg4 Qd7 36.Rg1 Re8 37.g6 Nxf5
38.Be4 fxg6 39.Qxg6 Rf8 40.Rg2 Rf7 41.Rg5 Ne3 42.Qh7+ Kf8 43.Qh8+ Ke7 44.Qh4 Kf8
45.Qh8+ Ke7 46.Rxg7 Rxg7 47.Qxg7+ Kd6 48.Qg3+ Ke6 49.Qg6+ Ke5 50.Qg5+ Nf5
51.Qh5 Kf4 52.Qh2+ Kg4 53.Qe2+ Kg5 54.Qg2+ Kf6 55.Qh3 Qe6 56.Kg1 Ne3 57.Qh4+ Kg7
58.Qg5+ Kf7 59.Bf3 Qf5 60.Bh5+ Ke6 61.Qg8+ Kf6 62.Qf7+ Kg5 63.Qxf5+ Kxf5
64.Be8 Kf4 65.Bxb5 Nd1 66.Kf1 Ke3 67.Ke1 Nxb2 68.Be8 Nxd3+  1/2-1/2

[Event "URS-ch U26"]
[Site "Tbilisi"]
[Date "1989.??.??"]
[Round "?"]
[White "Ulibin, Mikhail"]
[Black "Serper, Grigory"]
[Result "1/2-1/2"]
[WhiteElo "2445"]
[BlackElo "2435"]

1.e4 c5 2.Nf3 Nc6 3.d4 cxd4 4.Nxd4 g6 5.Nc3 Bg7 6.Be3 Nf6 7.Nxc6 bxc6 8.e5 Ng8
9.Bd4 f6 10.f4 Qa5 11.Qe2 fxe5 12.Bxe5 Nf6 13.Qc4 Qb6 14.O-O-O d5 15.Qa4 O-O
16.Bd4 Qc7 17.Be5 Qb6 18.Bd4 Qc7 19.g3 Bg4 20.Rd2 Bf3 21.Bg2 Bxg2 22.Rxg2 e6
23.Qa3 Rac8 24.Re1 c5 25.Be5 Qb6 26.Rge2 Rc6 27.Nb1  1/2-1/2

[Event "URS-ch U26"]
[Site "Tbilisi"]
[Date "1989.??.??"]
[Round "?"]
[White "Giorgadze, Giorgi"]
[Black "Serper, Grigory"]
[Result "1-0"]
[WhiteElo "2440"]
[BlackElo "2435"]

1.c4 Nf6 2.Nc3 c6 3.e4 e5 4.f4 d5 5.fxe5 Nxe4 6.Nf3 Be7 7.Be2 O-O 8.O-O Be6
9.cxd5 cxd5 10.d4 Nc6 11.Bd3 f5 12.Ne2 g5 13.Kh1 h6 14.a3 Qd7 15.b4 Rf7 16.Nd2 Raf8
17.Bb2 Bd8 18.Nc1 Ne7 19.Ncb3 b6 20.Rc1 Ng6 21.Ba6 g4 22.Bc8 Qe8 23.Bxe6 Qxe6
24.b5 Ne7 25.Rf4 h5 26.a4 Qh6 27.Qf1 Ng6 28.Rc6 Bg5 29.Nxe4 fxe4 30.Rxf7 Rxf7
31.Qd1 Qf8 32.Rxg6+ Kh7 33.Rf6 Bxf6 34.exf6 Rxf6 35.Kg1 Qb4 36.h3 Qxa4 37.hxg4 Qxb5
38.g5 Rg6 39.Bc1 Kg7 40.Bf4 Qd3 41.Qxh5 e3 42.Be5+ Kf8 43.Qh8+ Ke7 44.Qh7+ Ke8
45.Bf6 Qb1+ 46.Nc1 Qxc1+ 47.Kh2 Rxf6 48.gxf6 Qa3 49.f7+ Ke7 50.Qg7  1-0

[Event "URS-ch U26"]
[Site "Tbilisi"]
[Date "1989.??.??"]
[Round "?"]
[White "Epishin, Vladimir"]
[Black "Serper, Grigory"]
[Result "0-1"]
[WhiteElo "2465"]
[BlackElo "2435"]

1.d4 Nf6 2.c4 c6 3.Nf3 d6 4.Nc3 Nbd7 5.e4 e5 6.Be2 Be7 7.O-O a6 8.Qc2 O-O
9.Rd1 Qc7 10.Bg5 Re8 11.Rd2 h6 12.Bh4 Nf8 13.c5 exd4 14.cxd6 Bxd6 15.Rxd4 Ng4
16.Bg3 Bxg3 17.hxg3 Qe7 18.Rad1 Qc5 19.b4 Qh5 20.Na4 Ne6 21.Rd6 Ng5 22.Rd8 Bf5
23.Rxa8 Rxa8 24.Nh4 Nxe4 25.Bxg4 Bxg4 26.Re1 Nf6 27.Nc5 b6 28.Ne4 Qd5 29.Nxf6+ gxf6
30.Re4 Qd1+ 31.Qxd1 Bxd1 32.Rd4 Bc2 33.Rc4 Ba4 34.Nf5 h5 35.Ne7+ Kf8 36.Nxc6 Bb5
37.Rc2 Rc8 38.Nd4 Rxc2 39.Nxc2 Ke7 40.f4 Kd6 41.Ne3 Bd7 42.a3 Kc6 43.Kf2 Kb5
44.Nd5 Bc6 45.Nc7+ Ka4 46.Nxa6 Kxa3 47.Ke3 f5 48.Kd4 Bb5 49.Nc7 Kxb4 50.Nd5+ Ka5
51.Kc3 Bc6 52.Nf6 Ka4 53.Kb2 Bxg2 54.Nxh5 Bd5 55.Nf6 Be6 56.Ne8 Kb4 57.Nc7 Kc4
58.Ka3 b5 59.Na6 Bd7 60.Nb4 Kd4 61.Kb2 Ke4 62.Kc3 Kf3 63.Kd4 Kxg3 64.Ke3 Kg2
65.Ke2 Be6 66.Nc6 Bc4+ 67.Ke3 Kg1 68.Nb4 Kf1 69.Nc2 Be6 70.Kf3 Bd5+ 71.Ke3 Be4
72.Nb4 Ke1 73.Na2 Bd5 74.Nb4 Bc4 75.Nc2+ Kd1 76.Nb4 Kc1 77.Nc6 Kc2 78.Kd4 Be6
79.Kc5 Kd3 80.Na7 Bc4 81.Nc6 Ke4 82.Ne5 Kxf4 83.Kd4 Kg3 84.Nd7 Be6 85.Nc5 b4
86.Nd3 b3 87.Ke3 Bc4 88.Nb2 f4+  0-1

[Event "URS-ch U26"]
[Site "Tbilisi"]
[Date "1989.??.??"]
[Round "?"]
[White "Ruban, Vadim"]
[Black "Serper, Grigory"]
[Result "1/2-1/2"]
[WhiteElo "2420"]
[BlackElo "2435"]

1.d4 Nf6 2.c4 d6 3.Nc3 Nbd7 4.Nf3 c6 5.e4 e5 6.Be2 Be7 7.O-O a6 8.Re1 O-O
9.Bf1 Re8 10.a3 b5 11.b4 exd4 12.Nxd4 Ne5 13.Bf4 Bb7 14.Nb3 Rc8 15.Na5 Ba8
16.Bxe5 dxe5 17.c5 Qc7 18.Nb3 Bb7 19.a4 Rcd8 20.Qc2 Bc8 21.Nb1 Nh5 22.g3 Bg5
23.N1d2 Bxd2 24.Nxd2 Rd4 25.Rab1 g6 26.Nf3 Rdd8 27.h3 Ng7 28.Qb2 f6 29.Ra1 Ne6
30.axb5 cxb5 31.Qb3 Kg7 32.Rad1 Bb7 33.Rxd8 Nxd8 34.h4 Nc6 35.Bh3 Rd8 36.Be6 Ne7
37.Qe3 a5 38.bxa5 Qxa5 39.h5 gxh5 40.Rc1 b4 41.Nd2  1/2-1/2

[Event "URS-ch U26"]
[Site "Tbilisi"]
[Date "1989.??.??"]
[Round "?"]
[White "Dautov, Rustem"]
[Black "Serper, Grigory"]
[Result "1/2-1/2"]
[WhiteElo "2535"]
[BlackElo "2435"]

1.d4 Nf6 2.c4 c6 3.Nc3 d6 4.Bg5 Nbd7 5.e3 e5 6.Nf3 Be7 7.Qc2 h6 8.Bh4 Nh5
9.Bxe7 Qxe7 10.O-O-O Nhf6 11.g4 Nb6 12.dxe5 dxe5 13.h3 O-O 14.Rg1 Be6 15.Nxe5 Qc5
16.Nd3 Qxc4 17.Nf4 Qc5 18.Nxe6 fxe6 19.h4 Nfd5 20.Ne4 Qxc2+ 21.Kxc2 Nd7 22.Be2 b6
23.Rg2 N7f6 24.Nd2 Rad8 25.a3 g5 26.Rh1 Rd7 27.Rgh2 Rfd8 28.Nc4 Ne7 29.hxg5 hxg5
30.f4 Ng6 31.Rh6 Kg7 32.fxg5 Ne4 33.Rh7+ Kg8 34.Rxd7 Rxd7 35.Rh6 Nf8 36.Bf3 Nxg5
37.Bxc6 Rc7 38.Bb5 Nf7 39.Rh5 Nh7 40.Kb3 Nf6 41.Rh1 Rc5 42.Ka4 Kf8 43.b4 Rg5
44.Nd2 Rxg4 45.Rc1 Rg3 46.Rc8+ Kg7 47.Nc4 Nd5 48.Ba6 Nxe3 49.Nxe3 Rxe3 50.Rc7 Kf6
51.Rxa7 Nd6 52.Ra8  1/2-1/2

[Event "URS-ch U26"]
[Site "Tbilisi"]
[Date "1989.??.??"]
[Round "?"]
[White "Serper, Grigory"]
[Black "Rozentalis, Eduardas"]
[Result "1/2-1/2"]
[WhiteElo "2435"]
[BlackElo "2485"]

1.e4 e6 2.d4 d5 3.Nd2 c5 4.exd5 exd5 5.Ngf3 Nf6 6.Bb5+ Bd7 7.Be2 Nc6 8.O-O c4
9.Re1 Be7 10.b3 cxb3 11.axb3 O-O 12.Ba3 Bxa3 13.Rxa3 Re8 14.Nf1 Ne4 15.Qa1 Nb4
16.Qb2 Rc8 17.c4 a5 18.Ne3 b6 19.Raa1 Qf6 20.Bf1 Be6 21.Ne5 Red8  1/2-1/2

[Event "Wch U20"]
[Site "Tunja"]
[Date "1989.??.??"]
[Round "3"]
[White "Wessman, Richard"]
[Black "Serper, Grigory"]
[Result "1/2-1/2"]
[WhiteElo "2370"]
[BlackElo "2420"]

1.d4 Nf6 2.c4 e6 3.Nc3 Bb4 4.e3 c5 5.Bd3 Nc6 6.Ne2 cxd4 7.exd4 d5 8.cxd5 Nxd5
9.O-O O-O 10.a3 Bd6 11.Nxd5 exd5 12.Bf4 Be7 13.Qc2 g6 14.Rad1 Bf6 15.Bb5 Bf5
16.Qd2 Rc8 17.Bxc6 Rxc6 18.Nc3 Re8 19.Rfe1  1/2-1/2

[Event "Wch U20"]
[Site "Tunja"]
[Date "1989.??.??"]
[Round "4"]
[White "Serper, Grigory"]
[Black "Kontic, Vladimir"]
[Result "1/2-1/2"]
[WhiteElo "2420"]
[BlackElo "2395"]

1.c4 f5 2.g3 Nf6 3.Bg2 g6 4.Nc3 Bg7 5.d3 Nc6 6.e3 O-O 7.Nge2 e5 8.O-O d6
9.Rb1 a5 10.b3 g5 11.f4 h6 12.Bb2 Qe8 13.Qd2 Bd7 14.Rbc1 exf4 15.exf4 Ng4
16.Nd5 Bxb2 17.Qxb2 Nb4 18.Qd2 c6 19.Nc7 Qe3+ 20.Qxe3 Nxe3 21.Nxa8 Rxa8 22.Rf3 Re8
23.a3 Nxd3 24.Rc3 Nxg2 25.Rfxd3 Rxe2 26.Kf1 Rb2 27.Rxd6 Be8 28.Re6 Bh5 29.Rxh6 Bg4  1/2-1/2

[Event "Bela Crkva op"]
[Site "Bela Crkva"]
[Date "1990.??.??"]
[Round "2"]
[White "Shchekachev, Andrei"]
[Black "Serper, Grigory"]
[Result "1/2-1/2"]
[WhiteElo "2265"]
[BlackElo "2420"]

1.e4 c5 2.Nc3 Nc6 3.g3 g6 4.Bg2 Bg7 5.d3 d6 6.f4 e6 7.Nf3 Nge7 8.O-O O-O
9.Be3 Rb8 10.Bf2 Nd4 11.Nxd4 cxd4 12.Ne2 Nc6 13.c3 dxc3 14.bxc3 Bd7 15.Rb1 Qa5
16.Qd2 Rfc8 17.Be3 b5 18.Rfc1 Ne7 19.Nd4 Qc7 20.Nb3 a5 21.Qf2 a4 22.Nd4 e5
23.fxe5 dxe5 24.Nf3 f5 25.a3 h6 26.d4 fxe4 27.Nxe5 Bf5 28.Qa2+ Kh7 29.g4 Bd7
30.Bf4 Rb6 31.Nxg6 Qd8 32.Ne5 Be8 33.Bxe4+ Kh8 34.Be3 Ng6 35.Bf5 Rc7 36.Qc2 Nxe5
37.dxe5 Rbc6 38.Bd4 Qe7 39.Qe2 Qxa3 40.Qxb5 Qe7 41.Qd5 Rc5 42.Bxc5 Rxc5 43.Qd6 Qxe5
44.Qxe5 Bxe5 45.Rb7 a3 46.Rd1 Bc7 47.Rxc7 Rxc7 48.Rd8 Re7 49.Ra8 Kg7 50.Rxa3 h5
51.Kf2 hxg4 52.Bxg4 Rc7 53.Ke3 Bf7 54.h3 Rc5 55.Kd4 Rd5+ 56.Ke3 Rc5 57.Kd3 Rd5+
58.Kc2 Kf6 59.Ra6+ Kg5 60.Be6 Bg6+ 61.Kb3 Rb5+ 62.Kc4 Rb1 63.Rd6 Kf4 64.Kd4 Rd1+
65.Kc5 Rxd6 66.Kxd6 Bd3 67.h4 Be2 68.Kd5 Ba6 69.Kd4 Bb5 70.Bf7 Kg4 71.Bg6 Kxh4
72.Bd3 Be8 73.c4 Kg3 74.Ke3 Kg4 75.Ke4 Kg3 76.Be2 Kf2 77.Bg4 Ba4 78.Kd4 Bb3
79.c5 Ba4 80.Kc4 Ke3 81.Kb4 Kd4 82.Be6 Bc6 83.Bc4 Be4 84.Kb5 Kc3 85.Be6 Bf3
86.Kb6 Kb4 87.Bd7 Be4 88.Bc6 Bg6 89.Bd5 Be8 90.Be6 Bb5  1/2-1/2

[Event "Bela Crkva op"]
[Site "Bela Crkva"]
[Date "1990.??.??"]
[Round "4"]
[White "Djuric, Stefan"]
[Black "Serper, Grigory"]
[Result "1-0"]
[WhiteElo "2495"]
[BlackElo "2420"]

1.e4 c5 2.Nf3 d6 3.d4 cxd4 4.Nxd4 Nf6 5.Nc3 Nc6 6.Be3 Ng4 7.Bb5 Nxe3 8.Nxc6 Nxd1
9.Nxd8+ Kxd8 10.Rxd1 e6 11.a4 Ke7 12.f4 g6 13.Ne2 a6 14.Bc4 Bd7 15.Bb3 Bc6
16.Ng3 h5 17.h4 Bh6 18.Rf1 Bg7 19.c3 Bf6 20.Rh1 b5 21.axb5 Bxb5 22.Rd2 a5
23.Bd1 Rhb8 24.Kf2 Ra6 25.Be2 Rab6 26.Rhd1 Be8 27.f5 Bxh4 28.b4 axb4 29.cxb4 Ba4
30.Ra1 Rxb4 31.Bf3 Bf6 32.Ra3 Bd4+ 33.Ke2 h4 34.Nf1 Bb2 35.Ra2 Bc3 36.f6+ Bxf6
37.Kf2 Bc3 38.Re2 Bb5 39.Rec2 Bd4+  1-0

[Event "Moscow op"]
[Site "Moscow"]
[Date "1990.??.??"]
[Round "?"]
[White "Savon, Vladimir A"]
[Black "Serper, Grigory"]
[Result "1/2-1/2"]
[WhiteElo "2455"]
[BlackElo "2485"]

1.e4 e5 2.Nf3 Nc6 3.Bb5 a6 4.Ba4 Nf6 5.O-O Nxe4 6.d4 b5 7.Bb3 d5 8.dxe5 Be6
9.c3 Bc5 10.Nbd2 O-O 11.Bc2 Nxf2 12.Rxf2 f6 13.exf6 Bxf2+ 14.Kxf2 Qxf6 15.Nf1 Ne5
16.Be3 Nxf3 17.gxf3 Rae8 18.Kg1 Qxf3 19.Qxf3 Rxf3 20.Bd4 Bh3 21.Ng3 g6 22.a4 Kf7
23.axb5 axb5 24.Rd1 h5 25.Bd3 h4 26.Bxb5 hxg3 27.Bxe8+ Kxe8 28.hxg3 Rxg3+
29.Kh2 Rf3 30.Re1+ Kd7 31.Re3 Rxe3 32.Bxe3 Bf5  1/2-1/2

[Event "Moscow op"]
[Site "Moscow"]
[Date "1990.??.??"]
[Round "?"]
[White "Serper, Grigory"]
[Black "Hutters, Tomas"]
[Result "1-0"]
[WhiteElo "2485"]
[BlackElo "2355"]

1.c4 e6 2.Nc3 d5 3.d4 f5 4.Nf3 Nf6 5.Bf4 c6 6.e3 Be7 7.Bd3 O-O 8.h3 Ne4 9.Qc2 Nd7
10.Ne5 Nxe5 11.Bxe5 Bd7 12.O-O Qe8 13.Ne2 Qh5 14.f3 Ng5 15.cxd5 exd5 16.Ng3 Qh6
17.Nxf5 Nxh3+ 18.gxh3 Qg5+ 19.Ng3 Qxe3+ 20.Kg2 Bh4 21.Bxh7+ Kh8 22.Qg6 Rf6
23.Bxf6 Bxf6 24.Qh5 Be8 25.Bg6+  1-0

[Event "Moscow op"]
[Site "Moscow"]
[Date "1990.??.??"]
[Round "?"]
[White "Serper, Grigory"]
[Black "Sokolov, Andrei"]
[Result "0-1"]
[WhiteElo "2485"]
[BlackElo "2570"]

1.c4 Nf6 2.Nc3 e5 3.g3 d5 4.cxd5 Nxd5 5.Bg2 Nb6 6.Nf3 Nc6 7.O-O Be7 8.b3 O-O
9.Bb2 Re8 10.Rc1 Bf8 11.d3 Nd4 12.Nd2 c6 13.e3 Ne6 14.Nf3 Ng5 15.Nxg5 Qxg5
16.Ne4 Qg6 17.Nc5 Nd7 18.Nxd7 Bxd7 19.Qc2 Rad8 20.d4 e4 21.Bc3 Bg4 22.Qd2 Qh5
23.Bb4 c5 24.Bc3 Re6 25.Qc2 Bf3  0-1

[Event "URS-chT"]
[Site "Podolsk"]
[Date "1990.??.??"]
[Round "?"]
[White "Serper, Grigory"]
[Black "Lanka, Zigurds"]
[Result "1-0"]
[WhiteElo "2420"]
[BlackElo "2480"]

1.c4 Nf6 2.Nc3 g6 3.g3 Bg7 4.Bg2 c5 5.d3 Nc6 6.Nf3 O-O 7.O-O d5 8.cxd5 Nxd5
9.Bd2 Nxc3 10.bxc3 c4 11.d4 Qa5 12.e4 e5 13.d5 Nb8 14.Qe2 b6 15.Rfb1 Ba6
16.h4 Nd7 17.h5 Nc5 18.hxg6 hxg6 19.Ng5 Bh6 20.Nxf7 Bxd2 21.Nxe5 Bxc3 22.Nxg6 Rf7
23.e5 Bd4 24.Rf1 Qc3 25.Qh5 Rh7 26.Qg5 Bb7 27.Rac1 Qb2 28.Rxc4 Ba6 29.Ne7+ Kf8
30.Qg8+ Kxe7 31.d6+ Kd7 32.Qxh7+  1-0

[Event "URS-chT"]
[Site "Podolsk"]
[Date "1990.??.??"]
[Round "?"]
[White "Aleksandrov, Aleksej"]
[Black "Serper, Grigory"]
[Result "0-1"]
[WhiteElo "2340"]
[BlackElo "2420"]

1.d4 Nf6 2.c4 e6 3.Nc3 Bb4 4.e3 c5 5.Bd3 Nc6 6.a3 Bxc3+ 7.bxc3 d6 8.Ne2 e5
9.O-O O-O 10.e4 h6 11.d5 Ne7 12.f3 Nh7 13.Qc2 f5 14.f4 fxe4 15.Bxe4 Nf6 16.fxe5 dxe5
17.Bd3 Qd6 18.Ng3 Bd7 19.a4 Rf7 20.Bg6 Nxg6 21.Qxg6 Raf8 22.Be3 b6 23.a5 Ne8
24.Qd3 Rxf1+ 25.Nxf1 Bf5 26.Qd2 Qg6 27.axb6 axb6 28.Ng3 Bd3 29.Rd1 Bxc4 30.d6 Nf6
31.Bf2 Nd5 32.Nf1 Bb3 33.Bg3 Qxd6 34.Re1 Qg6 35.Bxe5 Qc2 36.Qxc2 Bxc2 37.c4 Nf4
38.Bc7 Bd3 39.Ne3 Ne2+ 40.Kh1 Re8 41.Nd5 Bxc4 42.Nxb6 Bb3 43.h3 c4 44.Nd5 Re4
45.Rb1 Rd4 46.Ne7+ Kh7 47.Nc6 Rd3 48.Na5 c3  0-1

[Event "URS-chT"]
[Site "Podolsk"]
[Date "1990.??.??"]
[Round "?"]
[White "Serper, Grigory"]
[Black "Galdunts, Sergey"]
[Result "1-0"]
[WhiteElo "2420"]
[BlackElo "2460"]

1.c4 e6 2.Nc3 d5 3.d4 Be7 4.Nf3 Nf6 5.Bg5 h6 6.Bh4 O-O 7.Qc2 dxc4 8.e4 c5
9.dxc5 Qa5 10.Bxc4 Qxc5 11.Qe2 Nc6 12.O-O Nd7 13.Bg3 Nde5 14.Nxe5 Nxe5 15.Bb3 Bd7
16.Rac1 Qa5 17.Rfd1 Bc6 18.Nd5 exd5 19.exd5 Bg5 20.Qxe5 Bxc1 21.dxc6 Qxe5
22.Bxe5 Rae8 23.Bd6 Bxb2 24.cxb7 Be5 25.Bxf8 Rxf8 26.Rd7 g5 27.g3 Kg7 28.Kg2 Kg6
29.Kf3 f5 30.Re7 Bb8 31.Rd7 h5 32.Ke3 f4+ 33.Ke4 fxg3 34.fxg3 g4 35.Be6 Rf1
36.Bc4 Rf8 37.Kd5 h4 38.Rd6+ Kg5 39.Kc6 hxg3 40.hxg3 Kf5 41.Kd7 Ke4 42.Rg6 Kf3
43.Be6 Bxg3 44.Rxg4  1-0

[Event "Pula op"]
[Site "Pula"]
[Date "1990.??.??"]
[Round "3"]
[White "Borulia, Liuba"]
[Black "Serper, Grigory"]
[Result "0-1"]
[WhiteElo "2105"]
[BlackElo "2420"]

1.d4 Nf6 2.c4 e6 3.Nc3 Bb4 4.Qc2 c5 5.dxc5 O-O 6.Bg5 Qa5 7.Bd2 Qxc5 8.e4 Nc6
9.a3 Bxc3 10.Bxc3 e5 11.Nf3 d6 12.h3 a5 13.Bd3 a4 14.O-O Be6 15.Bd2 Rfc8
16.Be3 Qa5 17.Qe2 h6 18.Rad1 Nd7 19.Nd2 Nc5 20.Bc2 Qa6 21.Rc1 Na5 22.Rfd1 Nxc4
23.Nxc4 Bxc4 24.Qd2 Rc6 25.Bxc5 Rxc5 26.Qb4 Be2 27.Re1 Rac8 28.Qd2 Bb5 29.Bb1 Rxc1
30.Rxc1 Rxc1+ 31.Qxc1 Bc6 32.Ba2 Qd3 33.f3 Kf8 34.Kh2 Qd4 35.Qc2 Qc5 36.Qd2 Ke7
37.Qe1 g5 38.Qd2 f6 39.h4 Qd4 40.Qc1 Kd7 41.hxg5 hxg5 42.Kg3 d5 43.exd5  0-1

[Event "URS-chT"]
[Site "Azov"]
[Date "1991.??.??"]
[Round "?"]
[White "Serper, Grigory"]
[Black "Ilinsky, Vladimir"]
[Result "1-0"]
[WhiteElo "2490"]
[BlackElo "2350"]

1.c4 c5 2.Nf3 Nc6 3.d4 cxd4 4.Nxd4 g6 5.e4 Nf6 6.Nc3 d6 7.Be2 Nxd4 8.Qxd4 Bg7
9.O-O O-O 10.Bd2 Ng4 11.Qd3 Ne5 12.Qg3 Nc6 13.Rad1 Nd4 14.Bd3 a6 15.Kh1 f5
16.Nd5 Rf7 17.Bg5 Qf8 18.Qh4 Nc6 19.exf5 gxf5 20.c5 h6 21.Bc1 Ne5 22.cxd6 exd6
23.Bc2 b5 24.Bb3 Nc4 25.Be3 Bf6 26.Qh5  1-0

[Event "URS-chT"]
[Site "Azov"]
[Date "1991.??.??"]
[Round "?"]
[White "Serper, Grigory"]
[Black "Petrosian, Arshak B"]
[Result "0-1"]
[WhiteElo "2490"]
[BlackElo "2505"]

1.c4 e6 2.g3 d5 3.Bg2 dxc4 4.Qa4+ Nd7 5.Qxc4 c5 6.Qb3 Rb8 7.a4 b6 8.Nf3 Bb7
9.O-O Ne7 10.d4 Nf5 11.dxc5 bxc5 12.Rd1 Qc8 13.Bf4 Bxf3 14.Qxf3 Nd4 15.Qe4 Rxb2
16.Nc3 Nf6 17.Qd3 Be7 18.e3 Nc6 19.Bd6 O-O 20.Nb5 Ng4 21.Qc4 Nxf2 22.Rf1 Bxd6
23.Nxd6 Qb8 24.Nb5 Ne5 25.Qc3 Nfd3 26.Rab1 Rxb1 27.Rxb1 c4 28.Na3 Qc7 29.Rb7 Qc5
30.Nc2 a6 31.Qd4 Qa5 32.Qd6 Qd2 33.Rb8 Nf3+  0-1

[Event "Gausdal Int"]
[Site "Gausdal"]
[Date "1991.??.??"]
[Round "2"]
[White "Serper, Grigory"]
[Black "Dannevig, Oystein"]
[Result "1-0"]
[WhiteElo "2490"]
[BlackElo "2270"]

1.c4 g6 2.e4 Bg7 3.d4 d6 4.Nc3 Nf6 5.Nge2 O-O 6.Ng3 e5 7.d5 Ng4 8.Be2 Qh4
9.Nb5 Na6 10.Bd2 Bh6 11.Bxh6 Nxh6 12.O-O f5 13.exf5 gxf5 14.f4 exf4 15.Nh5 f3
16.Bxf3 Qxc4 17.a4 Bd7 18.Qd2 f4 19.Rfc1 Qb4 20.Qxb4 Nxb4 21.Rxc7 Bxb5 22.axb5 Rf7
23.Rxf7 Kxf7 24.Nxf4 Nf5 25.Rc1 Kf6 26.Rc7 Ke5 27.Rc4 a5 28.Re4+ Kf6 29.Nh5+ Kf7
30.Rf4 Kg6 31.Be4 Kxh5 32.Rxf5+ Kg4 33.Kf2 Rc8 34.h3+  1-0

[Event "Peer Gynt"]
[Site "Gausdal"]
[Date "1991.??.??"]
[Round "3"]
[White "Serper, Grigory"]
[Black "Lauvsnes, Arild"]
[Result "1-0"]
[WhiteElo "2490"]
[BlackElo "2260"]

1.c4 f5 2.g3 Nf6 3.Bg2 e6 4.Nf3 d5 5.O-O c6 6.d3 Bc5 7.b3 O-O 8.Bb2 Qe7 9.Nbd2 Nbd7
10.Qc2 a5 11.e4 dxe4 12.dxe4 f4 13.e5 Ng4 14.Ne4 fxg3 15.hxg3 Qf7 16.Qe2 Be7
17.Nfg5 Qf5 18.Bh3 Bxg5 19.Bxg4 Qg6 20.Ba3 c5 21.Nxc5 Nxc5 22.Bxc5 Rd8 23.Bh5 Qd3
24.Qxd3 Rxd3 25.Rad1 Rxd1 26.Rxd1 g6 27.Bf3 Rb8 28.Bb6 a4 29.Bd8 Bh6 30.bxa4 Kf7
31.Bf6 Bf8 32.Rd8 Be7 33.Bxe7 Kxe7 34.Rh8 Ra8 35.c5 h5 36.Be2 Kf7 37.Bb5 Kg7
38.Rd8  1-0